Cidades com time de futebol - Série A Brasileirão 2024 - Statistics

Estatísticas Gerais
  • Esse quiz foi jogado 232 vezes
  • A pontuação média é 19 de 20
Estatísticas das Respostas
Time Cidade % Correto
Corinthians São Paulo
100%
Palmeiras São Paulo
100%
São Paulo São Paulo
100%
Botafogo Rio de Janeiro
99%
Flamengo Rio de Janeiro
99%
Fluminense Rio de Janeiro
99%
Vasco Rio de Janeiro
99%
Atlético-MG Belo Horizonte
97%
Cruzeiro Belo Horizonte
97%
Cuiabá Cuiabá
94%
Fortaleza Fortaleza
94%
Atlético-GO Goiânia
94%
Grêmio Porto Alegre
92%
Internacional Porto Alegre
92%
Bahia Salvador
91%
Vitória Salvador
91%
Athletico-PR Curitiba
90%
Criciúma Criciúma
86%
Red Bull Bragantino Bragança Paulista
84%
Juventude Caxias do Sul
71%
Nenhum quiz correspondente encontrado
Distribuição das Pontuações
Porcentagem de Pessoas com Cada Pontuação
Percentil de Números Respondidos
Sua Pontuação Histórica
Você não jogou esse quiz